000 01265nam a2200289 i 4500
001 46696
003 ES-MaACL
005 20250829103626.0
007 t|
008 030331s1978 sp ||||1| spa d
020 _a84-7232-153-3
080 _a860(8.03).09:061.3(100)"1978"
110 2 _aInstituto Internacional de Literatura Iberoamericana.
_bCongreso (
_n17º.
_d1978.
_cMadrid)
_95099
245 1 0 _aXVII Congreso del Instituto Internacional de Literatura Iberoamericana
_b: Sesión de Madrid.
260 _aMadrid :
_bCultura Hispánica del Centro Iberoamericano de Cooperación,
_c1978.
300 _a3 v. ;
_c24 cm.
505 8 _aContiene: 1. El Barroco en América - 2. Literatura hispanoameriana - 3. Crítica histórico-literaria hispanoamericana
594 _aPrecede al tít.: Centro Iberoamericano de Cooperación, Universidad Complutense de Madrid.
650 4 _aLiteratura hispanoamericana-
_vCongresos y asambleas.
_914603
710 2 _aCentro Iberoamericano de Cooperación
_92744
710 2 _aCentro Iberoamericano de Cooperación
_92744
740 3 2 _aEl Barroco en América.
740 0 2 _aCrítica histórico-literaria hispanoamericana.
852 _aES-MaACL
_jA-10310-12
852 _aES-MaACL
_jL-662-64
999 _c46696
_d46696